Využitie Due diligence indexu

Due diligence ako finančná, právna a podnikateľská hĺbková analýza. Due diligence index - nový typ scoringového modelu, ktorý sa využíva na preverovanie spoľahlivosti obchodných partnerov. História uplatňovania Due diligence na Slovensku. Druhy Due diligence. Proces vypracovania Due diligence. Vznik...

Descrizione completa

Salvato in:
Dettagli Bibliografici
Autore principale: Harumová, Anna, 1955-
Natura: Capitolo di libro
Lingua:slovacco
Soggetti:
Tags: Aggiungi Tag
Nessun Tag, puoi essere il primo ad aggiungerne!!

MARC

LEADER 00000naa$a2200000$$$4500
001 0145337
005 20240502072620.1
041 0 |a slo 
044 |a SK 
245 1 0 |a Využitie Due diligence indexu  |c Anna Harumová 
520 |a Due diligence ako finančná, právna a podnikateľská hĺbková analýza. Due diligence index - nový typ scoringového modelu, ktorý sa využíva na preverovanie spoľahlivosti obchodných partnerov. História uplatňovania Due diligence na Slovensku. Druhy Due diligence. Proces vypracovania Due diligence. Vznik a použitie Due diligence indexu. 
610 2 0 |a audit 
610 2 0 |a analýza finančná 
610 2 0 |a podnik 
610 2 0 |a akvizícia 
610 2 0 |a fúzie 
610 2 0 |a predaj 
610 2 0 |a indexy 
100 1 |a Harumová, Anna, 1955-